000 01564nam a22002897a 4500
005 20090624153827.0
008 090131t xxu||||| |||| 00| 0 hin d
010 _aHIN-87078
020 _a9788123753973
_c150.00
035 _aHN-59424
037 _bDBAD / VEN North India Publishers
040 _adpl
_bhn
082 _a796
100 _aमीना स्वामिनाथन
245 _aखेल-खेल में बच्चों का विकास /
_cमीना स्वामिनाथन एवं प्रेमा डैनियल; सुधीर नाथ झा अनुदित
246 _aKhel-khel men bachcho kaa vikaasa
_bby Meena Sawaminathan & Prema Deniyal
260 _aनई दिल्ली
_bनेशनल बुक ट्रस्ट
_c2008
270 _aनेहरू भवन 5, इस्टीट्यूशनल एरिया, फेज-2 वसंत कुंज
_bनई दिल्ली
_e110070
300 _aतेरह,214पृ
_c24सेमी (अजिल्द)
_bसचित्र
650 _aखेल-कूद
650 _aSports
700 _aडैनियल, प्रेमा
700 _aझा, सुधीर नाथ
942 _2ddc
_cHN
_mमीनास्वा
_h796
999 _c27863
_d27863